LEADER 01552nam a2200337 i 4500 001 000000348558 003 CaOOAMICUS 005 20211122103826.0 008 211122s1977 be u000 u fre u 013 $a44550 020 $a90-04-05633-5 040 $aSeMil$bita 041 $afre$agrc$alat 100 0 $aAndronicus : Rhodius .$0(OLS)http://semarc/name/115044 245 10$aPeri pathon /$cPseudo-Andronicus de Rhodes ; édition critique du texte grec et de la traduction latine médiévale par A. Glibert-Thirry. 264 1$aLeiden :$bBrill,$c1977. 300 $aVI, 360 p. ;$c25 cm. 490 1 $aCorpus latinum commentariorum in Aristotelem graecorum ;$vSuppl. 2 500 $aTesto greco e traduzione latina medievale di Roberto Grssatesta a fronte 650 04$aUomo - Filosofia.$0(OLS)http://semarc/subject/10134 700 1 $aGlibert-Thirry, Anne.$0(OLS)http://semarc/name/115046 700 0 $aGrosseteste, Robert,$c.$0(OLS)http://semarc/name/3619 830 0$aCorpus latinum commentariorum in Aristotelem graecorum ;$vSuppl. 2.$0(OLS)http://semarc/title/28447 850 $aSeMil 852 $aSeMil$W1$xVenegono$y1$mSL1.N I 22$j230071$B239663$CSeMilBibl$Z2$F239663 $8I 900 0 $aRoberto : Grossatesta. 996 $6020$a90-04-05633-5$9(OLS)http://semarc/number/294598 996 $6245$aPeri pathon$9(OLS)http://semarc/title/437964 996 $6264$aLeiden :$bBrill$9(OLS)http://semarc/publisher/29725 LEADER 00801nam a2200193 i 4500 001 000000030625 003 CaOOAMICUS 005 20180830125449.0 008 180830s1957 it u000 u ita u 040 $aSeMil$bita 245 10$aPoesia contemporanea d'ispirazione religiosa /$ca cura e con note di Gaetano Gargiuto. 260 $aRoma :$bArmonismo,$c1957. 300 $av. ;$c21 cm. 500 $aFondo card. Giovanni Colombo. 700 1 $aGargiuto, Gaetano.$0(OLS)http://semarc/name/14101 774 0 $aCalcara, Aniello $tPoesia contemporanea d'ispirazione religiosa.$dRoma : Armonismo, 1957.$w()230628 941 1 $a3 996 $6245$aPoesia contemporanea d'ispirazione religiosa$9(OLS)http://semarc/title/41698 996 $6260$aRoma :$bArmonismo$9(OLS)http://semarc/publisher/38599